[Event "ICS rated blitz match"]
[Site "204.178.125.65"]
[Date "1999.11.18"]
[Round "?"]
[White "JudgeTurpin"]
[Black "Hossa"]
[Result "1-0"]
[WhiteElo "2471"]
[BlackElo "2371"]
[Annotator "Hiarcs 7.32 (22s)"]
[PlyCount "139"]
[EventDate "1999.??.??"]

1. e4 1... c5 {Opening = B53 - 3.d4 (cd4 4.---)} 2. Nf3 d6 3. d4 cxd4 4. Qxd4
Nc6 5. Bb5 Bd7 6. Bxc6 Bxc6 7. Nc3 Nf6 8. Bg5 e6 9. O-O-O Be7 10. Rhe1 O-O 11.
Kb1 Qa5 12. Qd2 Qa6 13. Nd4 Rfc8 (13... Rfd8 14. f3 Rab8 15. g4 b5 16. h4 b4
17. Nce2 Be8 18. Ng3 Qb7 19. Nh5 Nxh5 20. gxh5 f6 21. Be3 e5 22. Ne6 Bxh5 23.
Nxd8 Rxd8 24. Qd5+ Qxd5 25. Rxd5 Bxf3 26. Bxa7 f5 27. Rb5 Bxh4 28. Rf1 Be2 29.
Rh1 Bxb5 30. Rxh4 f4 31. Rh1 Bc6 32. Re1 g5 33. Bb6 Rd7 34. Kc1 g4 35. Kd2
35... g3 {0-1 Ruiz Segura,F-Marin,M/Badalona op 1995/EXP 49 (35)}) 14. f4 $146
(14. f3 b5 15. g4 Qb7 (15... b4 16. Nce2 Be8 17. Ng3 h6 18. Be3 Nd7 19. Bxh6
Bf8 20. Bg5 Ne5 21. Nh5 Rc5 22. b3 Ra5 23. Qe2 Bb5 24. Nxb5 Rxa2 25. Kc1 Rc8
26. Nd4 Raxc2+ 27. Nxc2 Qa1+ 28. Kd2 Qc3+ 29. Kc1 Nxf3 30. Kb1 Qxb3+ 31. Kc1
31... Qa2 {0-1 Epishin,V-Dvoirys,S/URS-ch Leningrad 1990/[Boensch] (31)}) 16.
Nce2 a5 17. Ng3 b4 18. Rg1 Ne8 19. Bxe7 Qxe7 20. g5 g6 21. h4 e5 22. Nxc6 Rxc6
23. Nf1 Qb7 24. Ne3 a4 25. h5 b3 26. cxb3 axb3 27. a3 gxh5 28. Rh1 Ng7 29. Nd5
Rac8 30. Nf6+ Kh8 31. Nxh5 Nxh5 32. Rxh5 Qa6 33. Rdh1 Rc2 34. Rxh7+ Kg8 35.
Rh8+ Kg7 36. R1h7+ {
1/2-1/2 Yandemirov,V-Serper,G/Miedzybrodzie 1991/TD 91\08 (36)}) 14... Rd8 $14
(14... h6 15. Bxf6 Bxf6 16. Qd3 $11) 15. f5 {
Weiss gewinnt Raum. Weiss haelt das Heft fest in der Hand} 15... Bd7 16. fxe6
$11 (16. Nb3 16... Rac8 $11) 16... fxe6 {Deckt d5+f5} 17. e5 dxe5 18. Rxe5 {
Die Oeffnung der d-Linie verschafft Weiss Drohungen.} 18... Re8 19. Ne4 19...
Qc4 $14 (19... Nxe4 $5 20. Rxe4 20... Bf8 $11) 20. Bxf6 20... gxf6 {Staerkt g5}
21. Rh5 e5 22. Qh6 {Mit der Mattdrohung Qxh7} 22... Qf7 23. Nf5 {
Ein gutes Feld fuer den Springer} 23... Bxf5 24. Rxf5 {
Der rueckstaendige Bauer f6 wird weiter ins Visier genommen} 24... Rad8 25.
Rdf1 {f6 ist schwach} 25... Qd5 $16 (25... Rf8 26. Qe3 $14) 26. Nxf6+ {
Weiss erhaelt starke Drohungen in der geoeffneten f-Linie} 26... Bxf6 27. Rxf6
Qd1+ 28. Qc1 Qxc1+ 29. Kxc1 e4 30. Rf7 30... Rb8 $18 (30... e3 31. Rxb7 Rd2 32.
Rg1 $16) 31. Rd7 31... Rf8 $18 (31... e3 $5 $16 $142) 32. Rxf8+ Rxf8 33. Kd2 (
33. Rxb7 Rf1+ 34. Kd2 Rf2+ 35. Ke3 35... Rxc2 $18) 33... Rf2+ 34. Ke3 Rxc2 35.
Rd2 Rc4 36. b3 Rc7 37. Kxe4 Kf7 38. g3 Ke6 39. Rd5 Rc1 40. Rh5 Re1+ 41. Kf4
Rf1+ 42. Ke3 Rf7 43. Ke4 Kd6 44. b4 b6 45. Rh6+ Kc7 46. b5 Kb7 47. g4 a6 48. a4
48... axb5 $2 (48... Re7+ $142 49. Kf5 49... Rd7 $18) 49. axb5 Rg7 (49... Re7+
50. Kd5 Rg7 51. h3 $18) 50. Kf4 (50. Kf5 $5 $142 {
damit wuerde Weiss es sich noch erleichtern} 50... Rf7+ 51. Ke6 51... Rg7 $18)
50... Rc7 (50... Rf7+ 51. Ke5 Rg7 52. Kf5 Rf7+ 53. Ke6 $18) 51. g5 Rf7+ (51...
Rc4+ 52. Kf5 Rc5+ 53. Kf6 53... Rc7 $18) 52. Ke5 Re7+ (52... Rg7 {
macht keinen grossen Unterschied} 53. h4 Kc7 54. Rc6+ Kd8 55. Rxb6 $18) 53. Kd6
{Droht Matt. Weiss erhaelt Koenigsangriff} 53... Rg7 54. h4 Kb8 (54... Kc8 55.
Rf6 Rg8 56. Ke7 Rg7+ 57. Rf7 $18) 55. Re6 $1 {
die Entscheidung. Mit der Mattdrohung Re8} 55... Rg8 56. Kd5 (56. Re7 $5 {
ginge schneller} 56... Rg6+ 57. Ke5 57... Kc8 $18) 56... Rg7 (56... Rf8 {
nuetzt auch nichts mehr} 57. Rxb6+ Ka7 58. Rh6 $18) 57. Kc6 Ka7 58. Kd6 {
Droht Matt: Re7} 58... Kb8 (58... Rg8 $18 {ist noch eine duenne Chance}) 59.
Re8+ Ka7 (59... Kb7 {waere gleichermassen fruchtlos} 60. Re7+ Rxe7 61. Kxe7 Kc8
62. g6 hxg6 63. Kf7 Kd7 64. Kxg6 Ke7 65. Kg7 Kd7 66. h5 Kd6 67. h6 Kc5 68. h7
Kxb5 69. h8=Q Kc4 70. Qd8 b5 71. Kf6 b4 72. Ke5 Kc3 73. Qd4+ Kc2 74. Qxb4 Kd3
75. Kf4 Ke2 76. Qc4+ Kf2 77. Qc2+ Kf1 78. Kf3 Kg1 79. Qg2#) 60. Re7+ Rxe7 61.
Kxe7 Kb8 62. h5 Kc7 63. g6 hxg6 (63... Kb8 {
aendert den traurigen Lauf der Dinge nicht} 64. gxh7 Ka8 65. h8=Q+ Ka7 66. Qg7
Kb8 67. Kd6 Ka8 68. Kc6 Kb8 69. Qb7#) 64. hxg6 Kc8 65. g7 Kb7 66. g8=Q (66. Kd7
Kb8 67. Kc6 Ka7 68. Kc7 Ka8 69. Kxb6 Kb8 70. g8=Q#) 66... Kc7 (66... Ka7 {
holt die Kuh nicht vom Eis} 67. Qa8+ Kxa8 68. Kd7 Kb7 69. Kd6 Kb8 70. Kc6 Ka7
71. Kc7 Ka8 72. Kxb6 Kb8 73. Ka6 Kc7 74. b6+ Kc8 75. Ka7 Kd7 76. b7 Ke6 77.
b8=Q Kf5 78. Qd8 Ke5 79. Qh4 Kf5 80. Kb7 Ke5 81. Kc7 Kf5 82. Kd6 Kg6 83. Ke6
Kg7 84. Qh5 Kg8 85. Kf6 Kf8 86. Qh8#) 67. Ke6 $18 (67. Qb8+ $1 67... Kxb8 68.
Kd7 Kb7 69. Kd6 Kb8 70. Kc6 Ka7 71. Kc7 Ka8 72. Kxb6 Kb8 73. Ka6 Kc7 74. b6+
Kc8 75. Ka7 Kd7 76. b7 Ke6 77. b8=Q Kf5 78. Qd8 Ke5 79. Qh4 Kf5 80. Kb7 Ke5 81.
Kc7 Kf5 82. Kd6 Kg6 83. Ke6 Kg7 84. Qh5 Kg8 85. Kf6 Kf8 86. Qh8#) 67... Kb7 68.
Kd7 Ka7 69. Kc8 $1 {nun ist alles klar} 69... Ka8 70. Qa2# 1-0

[Event "ICS Rated standard match"]
[Site "204.178.125.65"]
[Date "1999.11.18"]
[Round "?"]
[White "BugChess"]
[Black "Hossa"]
[Result "0-1"]
[WhiteElo "2258"]
[BlackElo "2265"]
[Annotator "Hiarcs 7.32 (22s)"]
[PlyCount "88"]
[EventDate "1999.??.??"]

1. d4 1... d5 {Opening = 3.Nf3 Nf6 4.Bg5} 2. c4 e6 3. Nf3 Nf6 4. Bg5 dxc4 5.
Nc3 5... Bd7 $14 (5... Be7 6. e3 h6 (6... c5 7. Bxc4 Nbd7 8. Qe2 a6 9. a4 O-O
10. O-O b6 11. Rfd1 Qe8 12. Rd2 Bb7 13. Rad1 Qc8 14. d5 e5 15. d6 Bd8 16. Bxf6
Bxf6 17. Nd5 Bxd5 18. Rxd5 Re8 19. h4 h6 20. Nh2 Bxh4 21. Qh5 {
Johansson,M-Hellstrom,M/SVE-ch op Vaxjo 1992/EXT 92ch/1/2-1/2 (49)}) 7. Bh4 O-O
8. Bxc4 a6 9. a4 Nbd7 10. O-O c5 11. Qe2 cxd4 12. Nxd4 Ne5 13. Ba2 Ng6 14. Bg3
e5 15. Nc2 Bg4 16. f3 Bf5 17. e4 Bd7 18. Ne3 Bc5 19. Kh1 Nh5 20. Bf2 {
Konle,W-Riedel,F/BL2-S 8889 1989/BL2/1-0 (56)}) (5... a6 $5 $11 {
muss beachtet werden} 6. a4 Bb4 7. e3 c5 8. Bxc4 cxd4 9. exd4 Nc6 10. O-O O-O
11. Rc1 Be7 12. Re1 h6 13. Bf4 Bd7 14. Ne5 Rc8 15. Nxd7 Qxd7 16. d5 exd5 17.
Nxd5 Nxd5 18. Bxd5 Bg5 19. Bxg5 hxg5 20. h4 Rfd8 21. hxg5 Qf5 22. Rc5 g6 23.
Qb3 Rb8 24. Qc4 Re8 25. Rxe8+ Rxe8 26. Bxc6 Re1+ 27. Kh2 Qxf2 28. Bf3 Qg1+ 29.
Kg3 {1-0 Kasparov,G-Nogueiras,J/Belfort WCup 1988/CBM 08 (29)}) (5... c5 6. e3
(6. e4 cxd4 7. Qxd4 Qxd4 8. Nxd4 a6 9. a4 Bc5 10. Rd1 Bd7 11. Bxc4 Bb4 12. Bxf6
gxf6 13. Bb3 Nc6 14. Nxc6 Bxc6 15. f3 Ke7 16. Ke2 h5 17. Rhe1 Bd6 18. Kf1 Bxh2
19. Nd5+ Kf8 20. Nxf6 20... Kg7 {
Komarov,D-Baburin,A/Novosibirsk 1989/TD 89\09/0-1 (46)}) 6... a6 7. dxc5 Qxd1+
8. Rxd1 Bxc5 9. Bxc4 b5 10. Be2 O-O 11. O-O Nbd7 12. Nd4 Bb7 13. Bf3 Bxf3 14.
Nxf3 Rac8 15. Rc1 h6 16. Bh4 Bb4 17. Ne2 Nd5 18. Rxc8 Rxc8 19. Rc1 Rxc1+ 20.
Nxc1 Bd6 21. Kf1 N7b6 22. Bg3 Bxg3 23. hxg3 Kf8 24. Ke2 Ke7 25. Ne5 f6 26. Ned3
Kd6 27. e4 Nc7 28. b4 Nc4 29. Nb3 e5 30. Ndc5 Kc6 31. Nd2 a5 32. Nd3 Ne6 33.
Nb3 axb4 34. Nxb4+ Kd6 35. Nd5 Ng5 36. f3 f5 37. Nc3 b4 38. Nd5 fxe4 39. Nxb4
exf3+ 40. gxf3 {1/2-1/2 Bartsch,C-Gerstenhauer,D/BLW9394 1994/BIG 90 (40)}) 6.
e4 6... b5 $16 (6... Be7 $5 {ist vielleicht staerker} 7. Bxc4 7... h6 $14) 7.
e5 $1 {haelt den Vorteil fest} 7... h6 8. Bh4 g5 9. Nxg5 $1 {
zementiert den Vorteil} 9... hxg5 10. Bxg5 Be7 11. exf6 Bxf6 12. Qf3 Bxg5 13.
Qxa8 a6 14. h3 c5 15. Rd1 $14 (15. d5 $5 15... Bc6 16. Qa7 Bxd5 17. Rd1 $16)
15... cxd4 16. Rxd4 Bc1 17. b4 $11 (17. Qf3 Nc6 18. Rd6 Bxb2 19. Ne4 $15) 17...
Ba3 18. Qf3 Bxb4 19. Rd2 $15 (19. a3 Bxa3 20. Nxb5 Bb4+ 21. Nc3 $17) 19... Nc6
$11 (19... Qg5 $5 {bedarf naeherer Analyse} 20. Rc2 20... Bc6 $15) 20. Qg3 $4
$19 {danach kann Weiss alle Traeume begraben. Haelt den Koenig im Zentrum fest}
(20. a3 Ba5 21. Qg3 $15) 20... Qf6 $1 {das war die Absicht} 21. Rc2 Nd4 22. Rc1
22... Nf5 $1 {logisch und kraftvoll} 23. Qf3 Qe5+ 24. Kd1 $4 {
Weiss bricht voellig ein} (24. Be2 $142 24... Nh4 25. Qg3 Nxg2+ 26. Qxg2 Bxc3+
27. Kf1 $19) 24... Qd6+ $1 {ein unangenehmes Schach} 25. Ke1 Bc6 26. Qe2 26...
Rh4 $1 {nun ist alles klar} 27. Qd2 (27. Qb2 Ng3 28. Bxc4 Nxh1 29. Be2 $19)
27... Qe5+ $1 {ein boeses Schach} 28. Be2 Nd4 29. Kf1 Bxc3 30. Rxc3 Nxe2 31.
Re3 Qa1+ 32. Qe1 Qxe1+ 33. Kxe1 Bxg2 34. Rh2 Nf4 35. Kd2 (35. Ra3 {
aendert nichts mehr} 35... b4 36. Rxa6 36... Bf3 $19) 35... Ke7 (35... b4 {
erleichterte Schwarz die Gewinnfuehrung} 36. Kc2 $19) 36. Rg3 Bf1 37. Rg4 Rxh3
38. Rxh3 Nxh3 39. Rg8 Kf6 40. a3 (40. Rb8 {holt die Kuh nicht vom Eis} 40...
Nf4 $19) 40... Bd3 41. Ke3 Ke5 42. Ra8 (42. Rc8 {
kann das Vorangegangene nicht ungeschehen machen} 42... f5 $19) 42... f5 43.
Rc8 (43. f3 {hilft allerdings auch nicht} 43... f4+ 44. Kd2 44... Ng5 $19)
43... f4+ 44. Kf3 Ng5+ (44... Ng5+ 45. Kg4 45... Ne4 $19) 0-1

[Event "ICS rated standard match"]
[Site "204.178.125.65"]
[Date "1999.11.18"]
[Round "?"]
[White "Hossa"]
[Black "expert101"]
[Result "1-0"]
[WhiteElo "2281"]
[BlackElo "2084"]
[PlyCount "54"]
[EventDate "1999.??.??"]

1. e4 c6 2. d4 d5 3. Nc3 dxe4 4. Nxe4 Nd7 5. Bc4 Ngf6 6. Ng5 e6 7. Qe2 Nb6 8.
Bd3 Be7 9. N1f3 O-O 10. O-O h6 11. Ne4 Nbd5 12. c4 Nxe4 13. Bxe4 Nf6 14. Bb1
Qa5 15. Qd3 Qh5 16. Re1 Bd6 17. Re5 Bxe5 18. dxe5 Qg6 19. exf6 Qxd3 20. Bxd3
gxf6 21. Bxh6 Rd8 22. Ne1 e5 23. h4 Be6 24. Be3 f5 25. h5 f4 26. Bc1 Kg7 27.
Be2 27... e4 {expert101 resigns} 1-0

[Event "ICS rated standard match"]
[Site "204.178.125.65"]
[Date "1999.11.18"]
[Round "?"]
[White "Hossa"]
[Black "Moron"]
[Result "1-0"]
[WhiteElo "2289"]
[BlackElo "2625"]
[Annotator "Hiarcs 7.32 (22s)"]
[PlyCount "73"]
[EventDate "1999.??.??"]

1. e4 1... e5 {Opening = C58 - 4.Ng5 d5 5.ed5 Na5(6.Bb5 c6 7.dc6 bc6 8.---)} 2.
Nf3 Nc6 3. Bc4 Nf6 4. Ng5 d5 5. exd5 Na5 6. Bb5+ c6 7. dxc6 bxc6 8. Qf3 Rb8 9.
Bxc6+ Nxc6 10. Qxc6+ Nd7 (10... Bd7 11. Qc4 Qe7 12. Nc3 h6 13. Nge4 Rb4 14.
Nxf6+ Qxf6 15. Qe2 Bc6 16. f3 Bc5 17. a3 Rd4 18. d3 Qh4+ 19. Kd1 Be7 20. Qxe5
O-O 21. Qg3 Qf6 22. Be3 Bd6 23. Qf2 Rh4 24. Ne4 Bxe4 25. fxe4 {
Grau,M-Kosintseva,N/Menorca 1996/0-1 (52)}) 11. d3 (11. d4 Be7 12. h4 h6 13.
Nxf7 Kxf7 14. Qd5+ Kf8 15. dxe5 Bb7 16. Qe6 Qa5+ 17. Nc3 Qxe5+ 18. Qxe5 Nxe5
19. Bf4 Bd6 20. O-O-O Nd3+ 21. Rxd3 Bxf4+ 22. Kb1 Bxg2 23. Rhd1 Kg8 24. Rd7 Be5
25. Kc1 Kh7 26. Rxa7 Rb4 27. Rg1 Ra8 28. Rf7 Bc6 29. h5 Rab8 30. Nd1 Be8 31.
Re7 Bf6 32. Rc7 Bxh5 33. c3 Rf4 34. b4 Ra8 35. b5 Rxa2 36. b6 Bxd1 37. b7 Rfxf2
38. b8=Q Ra1+ 39. Qb1+ 39... Rxb1+ {
0-1 Papastavropoulos,A-Nenashev,A/Katerini GP 1993/TD 93\09 (39)}) 11... Be7
12. Ne4 Bb7 13. Qa4 $146 {Weiss erhaelt Koenigsangriff} (13. Nd6+ Bxd6 14. Qxd6
Bxg2 15. Rg1 Rb6 16. Qa3 Rg6 17. Nc3 Qe7 18. Qxe7+ Kxe7 19. Be3 a6 20. Kd2 Rb8
21. b3 Kd8 22. Ne2 Rg4 23. h3 Bxh3 24. Rh1 Bg2 25. Rxh7 Bf3 26. Rh3 Bg2 27. Rg3
Rxg3 28. Nxg3 Bf3 29. c4 g6 30. d4 exd4 31. Bxd4 Kc7 32. Re1 Bg4 33. Bc3 Kc6
34. Nf1 34... Be6 {
1-0 Schlenker,J-Herbrechtsmeier,C/Donaueschingen MA 1985/GER 04 (34)}) 13...
Qc7 14. O-O Bc6 15. Qc4 Nb6 16. Qa6 Nd5 17. Nbc3 Nb4 18. Qc4 18... Nxc2 $2 $18
(18... Qd7 $142 {und Schwarz kann noch kaempfen} 19. Rb1 19... Nxc2 $14) 19.
Nd5 Qb7 20. Nxe7 $1 {triumphiert} 20... Bxe4 21. Qxc2 Bxg2 22. Re1 Kxe7 23.
Qc5+ Kd7 24. Qxe5 $16 (24. Rxe5 Rbe8 25. Bf4 Rxe5 26. Qxe5 f6 27. Qd6+ Ke8 28.
Qe6+ Qe7 29. Qc8+ Qd8 30. Re1+ Kf7 31. Qe6+ 31... Kg6 $18) 24... Qd5 $4 $18 {
ein Ende mit Schrecken} (24... Rbe8 $142 25. Qd4+ Bd5 26. Rxe8 26... Rxe8 $16)
25. Qe7+ Kc6 (25... Kc8 {wuerde die Partie noch etwas verlaengern} 26. Bf4 Qd7
27. Bxb8 Qxe7 28. Rxe7 Bd5 29. Bxa7 29... Kd8 $18) 26. Be3 $1 {
zwingend und schoen. Droht Matt} 26... Rb7 (26... Rhc8 27. Rec1+ $1 {
ein boeses Schach} 27... Qc5 28. Rxc5+ Kb6 29. Rxc8+ Ka5 30. Qa3+ Kb5 31. Rc5+
Kb6 32. Qb4+ Ka6 33. Ra5#) 27. Rac1+ Kb5 28. Qa3 $1 {
glaenzend gespielt. Droht Matt: b4} 28... Bh1 29. Rc5+ Qxc5 30. Qxc5+ Ka6 31.
Qc4+ $1 {ein unangenehmes Schach} 31... Rb5 32. a4 Kb7 33. Qxb5+ Ka8 34. Qa6
Kb8 35. Rc1 Bc6 36. Bf4+ Ka8 37. Qxc6# 1-0

[Event "ICS rated blitz match"]
[Site "204.178.125.65"]
[Date "1999.11.18"]
[Round "?"]
[White "Hossa"]
[Black "gmbridge"]
[Result "1-0"]
[WhiteElo "2359"]
[BlackElo "2071"]
[PlyCount "55"]
[EventDate "1999.??.??"]

1. e4 c5 2. Nf3 d6 3. d4 cxd4 4. Nxd4 Nf6 5. Nc3 g6 6. Be3 Bg7 7. f3 O-O 8. Bc4
Nc6 9. Bb3 Bd7 10. Nxc6 {letzter Buchzug} 10... bxc6 11. Qd2 a5 12. O-O c5 13.
Bh6 ({0.09 Hiarcs 7.32:} 13. Rad1 13... Rc8 14. Bc4 Qb6 15. b3 Qb4 16. Ne2 {
0.58/7}) 13... a4 14. Bxg7 Kxg7 15. Bc4 ({0.23 Hiarcs 7.32:} 15. Bd5 15... Rb8
16. b3 Qa5 17. Qe3 17... e6 {-0.06/8}) 15... a3 16. Rfb1 axb2 17. Rxb2 Qa5 18.
Rb7 Rfb8 19. Rab1 Rxb7 20. Rxb7 Ra7 21. Rb1 Be6 22. Bxe6 fxe6 23. a4 Nd7 24. h4
Ne5 25. h5 Nc4 26. h6+ Kg8 27. Rb8+ Kf7 28. Qf4# {gmbridge checkmated} 1-0

[Event "ICS rated blitz match"]
[Site "204.178.125.65"]
[Date "1999.11.18"]
[Round "?"]
[White "gmbridge"]
[Black "Hossa"]
[Result "0-1"]
[WhiteElo "2066"]
[BlackElo "2364"]
[Annotator "Hiarcs 7.32 (22s)"]
[PlyCount "65"]
[EventDate "1999.??.??"]

1. e4 1... c5 {Opening = B76 - 7.f3 0-0(8.Qd2 Nc6 9.---)} 2. Nf3 d6 3. d4 cxd4
4. Nxd4 Nf6 5. Nc3 g6 6. Be3 Bg7 7. f3 O-O 8. Qd2 d5 9. e5 Nfd7 10. e6 $146 (
10. f4 Nc6 (10... Nb6 11. b3 f6 12. exf6 Bxf6 13. Be2 e6 14. O-O Nc6 15. a4 Bd7
16. a5 Nc8 17. a6 b6 18. Bg4 Nxd4 19. Bxd4 Ne7 20. Bxf6 Rxf6 21. Rfe1 Rc8 22.
Ne2 Qc7 23. Nd4 Qd6 24. g3 Nc6 25. c3 Nxd4 26. cxd4 Rff8 27. Re5 b5 28. h4 b4
29. Rae1 Rfe8 30. h5 Rc3 31. Kg2 Re7 32. Rh1 Rg7 33. Bf3 Qxa6 34. hxg6 hxg6 35.
f5 gxf5 36. Qh6 Rc2+ 37. Be2 Rxe2+ 38. Kf3 Qd3+ 39. Re3 Rxe3+ 40. Qxe3 40...
Rxg3+ {0-1 Pribyl,M-Jirovsky,P/CZE-chT 1994/TD 94\03 (40)}) 11. O-O-O (11. Nb3
e6 12. O-O-O f6 13. Nxd5 fxe5 14. Nc3 Qe7 15. Kb1 exf4 16. Bxf4 Nde5 17. Bb5 a6
18. Be2 b5 19. Rhf1 Rf7 20. Qe3 Nc4 21. Bxc4 bxc4 22. Bd6 Qa7 23. Bc5 Qb7 24.
Na5 Qc7 25. Rxf7 Qxa5 26. Rdf1 e5 27. Bf8 Bf5 28. Rxg7+ Kxf8 29. Qh6 {
1-0 Milov,L-Afek,Y/Ajka op 1992/TD 92\11 (29)}) 11... Nb6 12. Nf3 Be6 13. h4
Nc4 14. Bxc4 dxc4 15. Qf2 Qa5 16. h5 Rfd8 17. Rxd8+ Rxd8 18. hxg6 hxg6 19. Ng5
Bf5 20. Qe2 b5 21. g4 Bc8 22. Kb1 f6 23. Qh2 fxg5 24. Qh7+ Kf7 25. e6+ Bxe6 26.
f5 gxf5 27. gxf5 Bd5 28. Qg6+ Kf8 29. Nxd5 Rxd5 30. Bxg5 Rd1+ 31. Rxd1 Qc7 32.
Bh6 Bxh6 33. Qxh6+ {1-0 Palac,M-Afek,Y/Werfen op 1991/TD 91\08 (33)}) 10... Ne5
11. exf7+ Nxf7 12. Nb3 $11 (12. f4 12... e6 $14) 12... e6 13. O-O-O a5 14. f4
a4 15. Nd4 a3 16. b3 Nc6 17. h4 Nxd4 18. Bxd4 Bxd4 19. Qxd4 19... Qd6 $16 (
19... Nh6 $5 $14 $142 {ist die kritische Fortsetzung}) 20. h5 20... g5 {
Nun geraet Weiss unter starken Druck.} 21. fxg5 $11 (21. g3 $16 $142) 21...
Nxg5 22. Kb1 Rf4 23. Qd2 Rg4 24. h6 $15 (24. Bb5 24... Bd7 $11) 24... Qe5 25.
Re1 $2 $19 (25. Bd3 $15 $142 {und Weiss kann noch kaempfen}) 25... Ne4 {
Droht Matt} 26. Rxe4 26... Rxe4 $1 {die Entscheidung. Es droht Matt} 27. Bd3
Rf4 28. Re1 (28. Nd1 28... Bd7 $19) 28... Qf6 29. Nd1 (29. Re3 Qxh6 30. Rg3+
30... Kf7 $19) 29... e5 (29... Qxh6 $5 {gibt noch groesseren Vorteil} 30. Re5
$19) 30. g3 30... Rd4 $1 {huebsch} 31. Qe3 $4 {Weiss verkuerzt seine Leiden} (
31. Nc3 Be6 32. Qe3 $19) 31... e4 $1 {das wars} 32. Rf1 (32. Nf2 {
hilft auch nicht mehr} 32... exd3 33. Qe8+ 33... Qf8 $19) 32... Qxf1 $1 {
und der Wal spuckt Jonas wieder aus} 33. Bxf1 (33. Qg5+ {die letzte Gegenchance
} 33... Kf8 34. Qg7+ Ke8 35. Bb5+ Qxb5 36. Qxd4 $19) 0-1

[Event "ICS rated blitz match"]
[Site "204.178.125.65"]
[Date "1999.11.18"]
[Round "?"]
[White "Hossa"]
[Black "gmbridge"]
[Result "1-0"]
[WhiteElo "2369"]
[BlackElo "2061"]
[Annotator "Hiarcs 7.32 (22s)"]
[PlyCount "58"]
[EventDate "1999.??.??"]

1. e4 1... e5 {Opening = 5.d4} 2. Nf3 Nc6 3. Bc4 Bc5 4. c3 Nf6 5. d4 exd4 6.
cxd4 Bb4+ 7. Bd2 Bxd2+ 8. Nbxd2 d5 9. exd5 Nxd5 10. Qb3 Nce7 (10... Na5 11.
Qa4+ Nc6 12. Qb3 Na5 13. Qa4+ Nc6 14. Qb3 {
1/2-1/2 Mueller,K-Lukacs,P/Budapest Cansys 1991/EXP 23 (14)}) 11. O-O O-O 12.
Rae1 $146 (12. Ne4 c6 (12... Nb6 13. Rfe1 Nxc4 14. Qxc4 Nd5 15. Qb3 c6 16. Nc3
Nb6 17. Re5 Bg4 18. Rd1 Bxf3 19. gxf3 Qc7 20. Rde1 Rad8 21. R1e4 Rxd4 22. Re7
Rd7 23. Re8 Nc8 24. Rxf8+ Kxf8 25. Rh4 h6 26. Ne4 Rd5 27. Qc3 Ne7 28. Nc5 Ng6
29. Rd4 Nf4 30. Rxd5 Ne2+ 31. Kg2 Nxc3 32. Rf5 32... Qc8 {
0-1 Berend,F-Cooper,J/Manila olm 1992/TD 92\02 (32)}) 13. a4 Bf5 14. Rfe1 Qc7
15. Rac1 Rad8 16. Nc5 b6 17. Na6 Qd6 18. Ne5 Be6 19. Nd3 Nf5 20. Re4 Rfe8 21.
Rce1 Kh8 22. Bxd5 cxd5 23. Rf4 Bc8 24. Ne5 Bxa6 25. Rxf5 25... f6 {
0-1 Matriciani,R-Bouillon,T/RLPF-op Polch 1990/GER 05 (25)}) 12... c6 {
Staerkt b5+d5} 13. Bd3 13... h6 {Kontrolliert g5} 14. Qc2 $11 (14. a4 14... Nf4
$11) 14... Be6 15. a3 {Befestigt b4} 15... Nf4 16. Bh7+ Kh8 17. Be4 f5 18. Bd3
18... Bd5 {Dort fuehlt sich der schwarze Laeufer wohl} 19. Re3 Nxd3 20. Qxd3 f4
21. Re2 Nf5 22. Ne5 {Der Springer steht aktiv} 22... Nh4 $14 (22... Kg8 23.
Rfe1 $11) 23. f3 {Verwehrt dem Gegner e4} 23... Qg5 24. Ne4 {
Weiss fuehrt die Partie kraftvoll zu Ende} 24... Qh5 25. Nd6 25... Nf5 $2 $18 (
25... b6 $14 $142 {ist noch spielbar}) 26. Nxb7 Rab8 27. Nd7 27... Ng3 $2 (
27... Rxb7 28. Nxf8 28... Rb3 $18) 28. Re5 $1 {macht alles klar} 28... Qh4 (
28... Qf7 {waere gleichermassen fruchtlos} 29. Nxf8 Rxf8 30. Nd6 $18) 29. Rfe1
(29. Nxf8 $5 $142 {laesst dem Gegner kaum Chancen} 29... Rxf8 30. Rc1 30... Nh5
$18) 29... Rf5 (29... Nf5 $18 {ist der letzte Strohhalm}) 1-0

[Event "ICS rated blitz match"]
[Site "204.178.125.65"]
[Date "1999.11.18"]
[Round "?"]
[White "speedythought"]
[Black "Hossa"]
[Result "1/2-1/2"]
[WhiteElo "2224"]
[BlackElo "2374"]
[PlyCount "78"]
[EventDate "1999.??.??"]

1. e4 c5 2. Nf3 d6 3. d4 cxd4 4. Nxd4 Nf6 5. Nc3 g6 6. Be3 Bg7 7. f3 O-O 8. Bc4
Nc6 9. Qd2 Nxd4 10. Bxd4 10... e5 {letzter Buchzug} 11. Be3 Be6 ({
0.66 Hiarcs 7.32:} 11... Qc7 12. Bb3 a6 13. O-O-O Rd8 14. Nd5 Nxd5 15. Bxd5 {
1.14/7}) 12. Nd5 Nxd5 13. Bxd5 Qh4+ 14. g3 Qh5 ({0.93 Hiarcs 7.32:} 14... Qh3
15. O-O-O Bxd5 16. Qxd5 Qg2 17. Rdf1 Rfc8 18. Bd2 b6 19. Qxd6 {0.66/7}) 15. O-O
Qh3 16. Rad1 a6 17. c4 Bxd5 ({1.41 Hiarcs 7.32:} 17... Rfb8 18. Bb6 Re8 19. Bc7
Rac8 20. Bxd6 20... Bh6 {1.08/7}) 18. Qxd5 Rad8 19. Bb6 Rd7 20. c5 Rc8 21. cxd6
Rc2 ({0.52 Hiarcs 7.32:} 21... h5 22. Rf2 h4 23. Rg2 hxg3 24. hxg3 Rc6 25. Bc5
{1.41/7}) 22. Rd2 Rxd2 23. Qxd2 Qe6 24. Rd1 Bf8 25. Bc7 Qxa2 26. b4 Qb3 27. Kg2
Bh6 ({0.00 Hiarcs 7.32:} 27... h5 28. h4 Bh6 29. Qd5 Qb2+ 30. Kh3 Qe2 31. Qd3 {
0.30/7}) 28. Qd3 Qb2+ ({0.33 Hiarcs 7.32:} 28... Qa2+ 29. Kh3 Bg5 30. Qd5 Qe2
31. Qd3 31... Qa2 {0.00/7}) 29. Kh3 Qf2 ({0.73 Hiarcs 7.32:} 29... Bf8 30. Qc4
({0.33 Hiarcs 7.32:} 30. Qd5 30... Qxb4 31. Qxe5 Qb3 32. Rd5 Qxf3 33. Qe8 Qf1+
34. Kg4 Qe2+ 35. Kh3 35... Qf1+ {0.00/8}) 30... Qf2 31. Qd3 ({0.02 Hiarcs 7.32:
} 31. Qc3 31... Bg7 32. Qd3 Bf6 33. Rd2 Qd4 34. Qxd4 34... exd4 {0.33/7}) 31...
Qb2 {0.00/7}) ({0.62 Hiarcs 7.32:} 29... Bf8 30. Qc4 Qf2 31. Qc3 {0.33/8}) 30.
b5 Qa2 31. bxa6 bxa6 32. Rb1 Bf8 ({0.59 Hiarcs 7.32:} 32... Qe6+ 33. Kg2 Qa2+
34. Kh1 Kg7 35. Qb3 Qf2 36. Bb6 Qe2 37. Qd1 Qd2 38. Qxd2 Bxd2 39. Bc5 39... a5
{0.32/8}) 33. Rb8 Kg7 34. Rb6 Qe6+ 35. Kg2 Qa2+ 36. Kh3 Qe6+ 37. Kg2 Qa2+ 38.
Kh3 Qe6+ 39. Kg2 39... Qa2+ {Game drawn by repetition} 1/2-1/2

[Event "ICS rated blitz match"]
[Site "204.178.125.65"]
[Date "1999.11.18"]
[Round "?"]
[White "Hossa"]
[Black "gmbridge"]
[Result "1/2-1/2"]
[WhiteElo "2367"]
[BlackElo "2056"]
[PlyCount "97"]
[EventDate "1999.??.??"]

1. e4 c5 2. Nf3 d6 3. d4 cxd4 4. Nxd4 Nf6 5. Nc3 g6 6. Be3 Bg7 7. f3 O-O 8. Bc4
Nc6 9. Bb3 Bd7 10. Nxc6 {letzter Buchzug} 10... bxc6 11. Qd2 Qa5 12. O-O Rab8
13. Rad1 Be6 14. Nd5 Qd8 15. Nxf6+ Bxf6 16. Bxa7 Bxb3 17. axb3 Ra8 18. Bd4
Bxd4+ 19. Qxd4 Ra2 20. e5 d5 21. Ra1 Qa8 22. Rxa2 Qxa2 23. Rd1 e6 24. f4 Rc8
25. Qb6 Qxb2 26. Qb7 Rf8 27. Qxc6 h5 28. Kf2 Rb8 29. Kf3 Rb4 30. Qc8+ Kh7 31.
Qc7 Kg7 32. h4 Re4 33. g3 Qa2 34. Kf2 Qa6 35. Re1 Rd4 36. Re2 ({
0.70 Hiarcs 7.32:} 36. Qc3 36... Qb6 37. Qe3 Rd2+ 38. Re2 Rxe2+ 39. Kxe2 d4 40.
Qd2 Qc5 41. b4 Qc4+ 42. Kf2 42... f6 {1.34/8}) 36... Rd1 37. b4 ({
-5.05 Hiarcs 7.32:} 37. Qc5 37... Qa1 38. Kf3 Rg1 39. Qb6 Rf1+ 40. Kg2 40... d4
{0.70/8}) 37... Qa1 38. Qc5 ({0.00 Hiarcs 7.32:} 38. Qb6 38... d4 39. Qb5 Rf1+
40. Kg2 Rg1+ 41. Kf3 Qa8+ 42. Re4 Re1 43. Kf2 43... Rxe4 {-5.05/8}) 38... Qc1
39. Qe3 ({0.41 Hiarcs 7.32:} 39. Kg2 39... d4 40. Rf2 Rg1+ 41. Kh2 Rh1+ 42. Kg2
42... Rg1+ {0.00/8}) 39... Rf1+ 40. Kg2 Qb1 41. Rd2 Rh1 42. Qf2 Rc1 43. Qc5 Rh1
44. Rf2 ({-1.25 Hiarcs 7.32:} 44. Qf2 44... Rc1 {0.00/9}) 44... Qg1+ 45. Kf3
Qd1+ 46. Kg2 Rg1+ 47. Kh2 Rh1+ 48. Kg2 Qg1+ 49. Kf3 {
Game drawn by mutual agreement} 1/2-1/2